| 000 | 00547cam1a220018100 4500 | ||
|---|---|---|---|
| 001 | tmp16001217 | ||
| 003 | UPRA | ||
| 005 | 20190830105352.0 | ||
| 008 | 951120s1951 gw ger u | ||
| 035 | _a(Sirsi) r26394 | ||
| 035 | _a(UPRA)tmp16001217 | ||
| 040 | _cUPRA | ||
| 100 | 1 |
_aKleist, Heinrich von, 1777-1811. _dKleist, Heinrich von, 1777-1811. _6A90104.1 |
|
| 245 | 1 | 4 |
_aDer zerbrochene Krug : _bLustspiel in einem Aufzug. |
| 260 |
_aStuttgart : _bReclam, _c[1951] |
||
| 949 |
_aPT2378 _wlcc _i-27130 _mMAIN _tBOOK _lON-SHELF |
||
| 004 | 26394 | ||
| 999 |
_c186724 _d186724 |
||